[Event "EU-ch (Men) 11th"]
[Site "Rijeka"]
[Date "2010.03.11"]
[Round "6.124"]
[White "Ernst, Michael"]
[Black "Saric, Ante"]
[Result "1/2-1/2"]
[WhiteElo "2166"]
[BlackElo "2483"]
[PlyCount "91"]
[EventDate "2010.03.06"]
[EventType "swiss"]
[EventRounds "11"]
[EventCountry "CRO"]
[SourceDate "2010.03.06"]

1. d4 Nf6 2. c4 e6 3. Nc3 Bb4 4. Qc2 d5 5. cxd5 exd5 6. Bg5 c5 7. dxc5 h6 8.
Bh4 g5 9. Bg3 Ne4 10. e3 Qf6 11. Bb5+ Bd7 12. Bxd7+ Nxd7 13. Nge2 Ndxc5 14.
O-O-O Bxc3 15. Nxc3 Nxc3 16. Qxc3 Qxc3+ 17. bxc3 O-O-O 18. Rd4 Ne4 19. c4 Nxg3
20. hxg3 dxc4 21. Rxc4+ Kb8 22. g4 Rd6 23. e4 Rc8 24. Rxc8+ Kxc8 25. Kc2 Kc7
26. f3 b5 27. Kc3 a5 28. a3 Kb6 29. e5 Rc6+ 30. Kd4 b4 31. axb4 axb4 32. g3 Kb5
33. f4 Rc4+ 34. Kd5 gxf4 35. gxf4 Rxf4 36. Rxh6 b3 37. g5 b2 38. Rh1 Kb4 39. g6
fxg6 40. e6 Rf2 41. Re1 Rd2+ 42. Ke5 Rd8 43. e7 Re8 44. Kf6 g5 45. Kxg5 Kc3 46.
Kf6 1/2-1/2

[Event "EU-ch (Men) 11th"]
[Site "Rijeka"]
[Date "2010.03.11"]
[Round "6.191"]
[White "Mateta, Marin"]
[Black "Hayes, Peter"]
[Result "0-1"]
[WhiteElo "1718"]
[BlackElo "2046"]
[PlyCount "72"]
[EventDate "2010.03.06"]
[EventType "swiss"]
[EventRounds "11"]
[EventCountry "CRO"]
[SourceDate "2010.03.06"]

1. e4 e6 2. Nf3 d5 3. e5 c5 4. c3 Nc6 5. Bb5 Qb6 6. Na3 Bd7 7. Bxc6 Bxc6 8. O-O
Nh6 9. d4 O-O-O 10. Rb1 Be7 11. dxc5 Qxc5 12. Be3 Qa5 13. Bg5 Bxg5 14. Nxg5 d4
15. Qe1 d3 16. Nc4 Qd5 17. Ne3 Qxe5 18. f4 Qd6 19. Qd2 f6 20. Nh3 Nf5 21. Nc4
Qc5+ 22. Kh1 Qxc4 23. b3 Qd5 24. Rf2 h5 25. c4 Qd4 26. Re1 Rd6 27. Ng1 h4 28.
Nf3 Ng3+ 29. Kg1 Bxf3 30. gxf3 Ne2+ 31. Rexe2 dxe2 32. Qxe2 h3 33. Qe4 Qxe4 34.
fxe4 Rd1+ 35. Rf1 Rxf1+ 36. Kxf1 Rh4 0-1